Quick Pick: Cities N Quiz Stats

 Plays Quiz not verified by Sporcle

Score 0/16 Timer 01:30
0 Plays Today
% Correct
United Kingdom
96.5%
Germany
96.2%
Italy
94.3%
Kenya
93.9%
United States
93%
Sweden
89.2%
Bahamas
88.9%
Cyprus
85.2%
% Correct
Chad
85%
Japan
82.9%
Vietnam
82.2%
France
81.5%
India
77.1%
New Zealand
71.4%
Brazil
70.4%
Thailand
63.7%

You're not logged in!

Compare scores with friends on all Sporcle quizzes.
OR
Log In

You Might Also Like...

Show Comments

Extras

Top Quizzes Today


Score Distribution

Your Account Isn't Verified!

In order to create a playlist on Sporcle, you need to verify the email address you used during registration. Go to your Sporcle Settings to finish the process.

Report this User

Report this user for behavior that violates our Community Guidelines.

Details: